Architectural heritage of sri lanka (Record no. 12689)

MARC details
000 -LEADER
fixed length control field 00373nam a2200145Ia 4500
008 - FIXED-LENGTH DATA ELEMENTS--GENERAL INFORMATION
fixed length control field 230312s9999||||xx |||||||||||||| ||und||
020 ## - INTERNATIONAL STANDARD BOOK NUMBER
International Standard Book Number 1-78067-575-6
082 ## - DEWEY DECIMAL CLASSIFICATION NUMBER
Classification number 720.954
Item number ROB-A
100 ## - MAIN ENTRY--PERSONAL NAME
Personal name Robson;David
245 #0 - TITLE STATEMENT
Title Architectural heritage of sri lanka
260 ## - PUBLICATION, DISTRIBUTION, ETC.
Name of publisher, distributor, etc. Talisman
Place of publication, distribution, etc. singapur
Date of publication, distribution, etc. 2016
300 ## - PHYSICAL DESCRIPTION
Extent 235
650 ## - SUBJECT ADDED ENTRY--TOPICAL TERM
Topical term or geographic name entry element Architecture
Form subdivision Architecture
942 ## - ADDED ENTRY ELEMENTS (KOHA)
Koha item type BOOK
Holdings
Withdrawn status Lost status Damaged status Not for loan Home library Current library Date acquired Total Checkouts Full call number Barcode Date last seen Price effective from Koha item type
        Superior Information Resource Center (SIRC) Superior University- Central Library Superior Information Resource Center (SIRC) Superior University- Central Library 03/13/2023   720.954 ROB-A 12820 03/13/2023 03/13/2023 BOOK

Powered by Koha